MDQL
is popping MORE tags! Check the
thread
!
Quizzes
Events
Quiz Creation
Community
Videos
Private Events
Remove Ads
Sign In
Join for FREE
Feedback
Dark Mode
Quiz Categories
Sports
Geography
Music
Movies
Television
Just For Fun
Miscellaneous
History
Literature
Language
Science
Gaming
Entertainment
Religion
Holiday
For Kids
Quiz Lab
Recent
Popular Today
Quiz Kudos Today
Editor Picks
Curator Picks
Quizzes by...
Day
Popularity
Type
Ratings
Length
Year
Community
Subscriptions
Recent Discussions
Orange Saloon
Badges
Playlists
Quests
Create
Leaderboards
Showdown
Live 5
Trivia Bingo
Activity
Puzzle Library
Sporcle Events
Private Events
Virtual Trivia
Globe League
Become a Host
Pub Owners
SporcleCon
Opinionation
Our Games
Videos
Blog
Mobile Apps
Partnerships
Remove Ads and Go Orange
Feedback
Music
Pop Music
The Beatles
Song
Album
Lyrics
Bands
Singers
Artist
Clip
Rock
Rap
Classical
Billboard
Country Music
Kpop
Taylor Swift
Music
Pop Music
The Beatles
Song
Album
Lyrics
Bands
Singers
Artist
Clip
Rock
Rap
Classical
Billboard
Country Music
Kpop
Taylor Swift
Random Quiz
Search Sporcle
×
Quiz Lab
Quiz Lab
Music
Classical
Type in answers that appear in a list
Type in answers that appear in a list
Classic
Best Score? Go Orange.
Opera Composers 2 Stats
Can you name the Opera Composers 1801-1871?
By
Niall_mCs
10m
28 Questions
144 Plays
144 Plays
144 Plays
Comments
Comments
Give Quiz Kudos
Give Quiz Kudos
-
- Ratings
hide this ad
Replay
Link that replays current quiz
Next Quiz
Link to next quiz in quiz playlist
You Got
0%
They Got
Avg Score
74%
Avg Friend Score
Upgrade to see
Score Distribution
Jump to the score distribution portion of the page
Score
0/28
Timer
10:00
0
Plays Today
Birth/Death
Name
% Correct
1813-
1883 GERMANY
Richard Wagner
97.7%
1813-
1901 ITALY
Giuseppe Verdi
96.9%
1838-
1875 FRANCE
Georges Bizet
96.1%
1858-
1924 ITALY
Giacomo Puccini
96.1%
1840-
1893 RUSSIA
Pyotr Ilyich Tchaikovsky
95.3%
1803-
1869 FRANCE
Hector Berlioz
92.2%
1824-
1884 CZECH REP.
Bedrich Smetana
91.5%
1818-
1893 FRANCE
Charles Gounod
90.7%
1862-
1918 FRANCE
Claude Debussy
90.7%
1864-
1949 GERMANY
Richard Strauss
90.7%
1841-
1904 CZECH REP.
Antonin Dvořák
89.9%
1842-
1912 FRANCE
Jules Massenet
88.4%
1857-
1919 ITALY
Ruggiero Leoncavallo
88.4%
1836-
1891 FRANCE
Leo Delibes
87.6%
Birth/Death
Name
% Correct
1863-
1945 ITALY
Pietro Mascagni
87.6%
1833-
1887 RUSSIA
Aleksandr Borodin
86%
1839-
1881 RUSSIA
Modest Mussorgsky
86%
1854-
1928 CZECH REP.
Leoš Janáček
86%
1801-
1835 ITALY
Vincenzo Bellini
85.3%
1835-
1921 FRANCE
Camille Saint-Saëns
85.3%
1804-
1857 RUSSIA
Mikhail Glinka
79.1%
1844-
1908 RUSSIA
Nikolai Rimsky-Korsakov
70.5%
1819-
1880 GERMANY
Jacques Offenbach
64.3%
1860-
1956 FRANCE
Gustave Charpentier
50.4%
1811-
1896 FRANCE
Ambroise Thomas
47.3%
1841-
1894 FRANCE
Emmanuel Chabrier
25.6%
1869-
1949 GERMANY
Hans Pfitzner
22.5%
0.8%
Quiz Playlist
Details
Report
Send in Message
Add To Playlist
Classic:
Type in answers that appear in a list
Last Updated: Feb 16, 2017
Quiz Scoreboard
CHALLENGE
Sign Up to Join the Scoreboard
Show All
Scores
Hide
Comments
May contain spoilers
Recently Published
Two Season TV Shows II
by 123Four
Television
10m
Image Sorting: Flags VI
by Barbecue
Geography
2m
Find the 'City' Movie
by crazypaving
Movies
60s
More to Explore
Quiz From the Vault
Featured Blog Post
14 Easter Pick-up Lines to Find Eggs With
hide this ad
You Might Also Like...
Tags
Classical Quiz
Opera
Opera Composers
Opera Lyrics
Opera Songs
Today's Top Quizzes in Music
Browse Music
hide this ad
Today's Top Quizzes in Classical
Browse Classical
Top Contributed Quizzes in Music
1
5X2 Blitz: Bands II
2
5X2 Blitz: The Beatles
3
Taylor Swift All Songs (2024)
4
5X2 Blitz: Billboard
5
5X2 Blitz: Billboard II
6
5X2 Blitz: Album
7
5X2 Blitz: Singers
8
5X2 Blitz: Rock
9
Music Artist by Three 2010s hits
10
5X2 Blitz: Lyrics
Explore More
Trending Topics
Anime
Kpop
Disney
Harry Potter
Crossword
Marvel
NBA
Pokémon
Country
WWE
Puzzle
Song
Soccer
The Office
NFL
hide this ad
More By:
Niall_mCs
Quiz
Plays
Rating
Category
Featured
Created
Arsenal's best; Gunning for others
270
Sports
Aug 24, 2015
States by capital clickable
240
2.80
Geography
May 28, 2013
London Underground Northern Missing Letters
199
1.00
Geography
Aug 19, 2015
Opera Composers 2
144
Music
Jun 3, 2013
London Underground district missing letters
135
5.00
Geography
Aug 19, 2015
Go to Creator's Profile
Score Distribution
Quiz Creator Spotlight
Niall_mCs
Follow
Send a Message
Quizzes Created
-
Created Quiz Play Count
-
More By This Creator
Popular Quizzes Today
1
Find the US States - No Outlines Minefield
2
Colored Red Africa Blitz
3
Find the 'City' Movie
4
5x2 Blitz: Bands
5
The Countries of the World
6
Find the Countries of Europe - No Outlines Minefield
7
Find the US States
8
US States
More Music Quizzes
K-Pop Match Up: Same-Name Idols
Quiz Lab
Trending Quizzes
Colored Red Europe Blitz I
Colored Red Africa Blitz II
Colored Red Europe Blitz II
Colored Red Africa Blitz III
Even More Two Season TV Shows
Recently Updated
March Madness Men's Triple Doubles
pecheneg
How Do You Spell That?
pecheneg
Godzilla Movies
pecheneg
Grab Bag: 4-10 Letters
pecheneg
2024 March Madness Bracket
pecheneg
Famous TV Couples
Peacemaker
Champions League XIs: Real Madrid
pecheneg
Largest US Cities 1790-2010
pecheneg
Rides in Walt Disney World
pecheneg
Most Oscar Losses (Acting)
pecheneg
Trending Topics
Kpop
Harry Potter
Anime
Disney
NBA
Marvel
Crossword
Country
NFL
The Office
Puzzle
Song
Pokémon
Soccer
WWE
Your Account Isn't Verified!
In order to create a playlist on Sporcle, you need to verify the email address you used during registration. Go to your
Sporcle Settings
to finish the process.
Report this User
Report this user for behavior that violates our
Community Guidelines
.
Details:
Send Report
Go to the Sporcle.com Mobile Site →
Comments